| 000 | 00995nas a2200337 4500 | ||
|---|---|---|---|
| 001 | BR9904241 | ||
| 003 | BR-BrBNA | ||
| 005 | 20231205101550.0 | ||
| 007 | ta | ||
| 008 | 230509b bl.|||p| |||| 00| 00por d | ||
| 040 |
_aBR-BrBNA _bpor _cBiblioteca Nacional de Agricultura |
||
| 041 | _a(Pt) | ||
| 072 | _aF60; U10 | ||
| 100 | 1 | _aWrege, M.S. | |
| 100 | 1 | _aGoncalves, S.L. | |
| 100 | 1 | _aCaramori, P.H. | |
| 100 | 1 | _aVasconcellos, M.E. da C. | |
| 100 | 1 | _aOliveira, D. de | |
| 100 | 1 | _aAbucarub Neto, M. | |
| 100 | 1 | _aBorrozzino, E. | |
| 100 | 1 | _aCaviglione, J.H. | |
| 245 | 1 | _aRisco de deficiencia hidrica na cultura do milho no Estado do Parana | |
| 650 | _aMilho | ||
| 650 | _aEvapotranspiracao | ||
| 650 | _aBalanco Hidrico | ||
| 650 | _aModelo Matematico | ||
| 650 | _aPARANÁ | ||
| 773 | 0 |
_tPesquisa Agropecuaria Brasileira (Brazil) _xISSN 0100-204X _g(Jul 1999), v. 34(7) p. 1119-1124 _wBR9904241 |
|
| 909 |
_a202311 _bLúcia _c55 _dLúcia Elande |
||
| 942 |
_2AGRIS _n0 _cANA |
||
| 999 |
_c162570 _d162570 |
||